[Event "Test Tournament"]
[Site "Emanuel Lasker Arena"]
[Date "2024.04.09"]
[Round "2"]
[White "CarlsenVomFach"]
[Black "Jamie Fraser"]
[Result "1-0"]
[WhiteElo "2230"]
[BlackElo "2119"]
[Annotator "RC"]
[PlyCount "91"]
[EventDate "2024.04.09"]
[EventType "swiss (blitz)"]
[TimeControl "60"]

1. e4 {[%emt 0:00:01]} e5 {[%emt 0:00:01]} 2. Nf3 {[%emt 0:00:01]} Nc6 {[%emt 0:00:01]} 3. Bb5 {[%emt 0:00:01]} a6 {[%emt 0:00:01]} 4. Ba4 {[%emt 0:00:00]} Nf6 {[%emt 0:00:01]} 5. O-O {[%emt 0:00:01]} b5 {[%emt 0:00:01]} 6. Bb3 {[%emt 0:00:01]} Be7 {[%emt 0:00:01]} 7. Re1 {[%emt 0:00:01]} O-O {[%emt 0:00:01]} 8. c3 {[%emt 0:00:01]} d5 {[%emt 0:00:01]} 9. exd5 {[%emt 0:00:01]} Nxd5 {[%emt 0:00:01]} 10. Nxe5 {[%emt 0:00:01]} Nxe5 {[%emt 0:00:01]} 11. Rxe5 {[%emt 0:00:01]} c6 {[%emt 0:00:01]} 12. d4 {[%emt 0:00:01]} Bd6 {[%emt 0:00:01]} 13. Re1 {[%emt 0:00:01]} Qh4 {[%emt 0:00:01]} 14. g3 {[%emt 0:00:01]} Qh3 {[%emt 0:00:01]} 15. Re4 {[%emt 0:00:00]} g5 {[%emt 0:00:01]} 16. Qf3 {[%emt 0:00:01]} g4 {[%emt 0:00:01]} 17. Qe2 {[%emt 0:00:01]} Bf5 {[%emt 0:00:01]} 18. Nd2 {[%emt 0:00:05]} Nf6 {[%emt 0:00:02]} 19. a3 {[%emt 0:00:03]} Rfe8 {[%emt 0:00:02]} 20. Re3 {[%emt 0:00:01]} h5 {[%emt 0:00:01]} 21. a4 {[%emt 0:00:04]} c5 {[%emt 0:00:03]} 22. axb5 {[%emt 0:00:01]} cxd4 {[%emt 0:00:01]} 23. cxd4 {[%emt 0:00:01]} h4 {[%emt 0:00:03]} 24. bxa6 {[%emt 0:00:01]} hxg3 {[%emt 0:00:01]} 25. hxg3 {[%emt 0:00:01]} Rab8 {[%emt 0:00:03]} 26. a7 {[%emt 0:00:01]} Ra8 {[%emt 0:00:01]} 27. Rxe8+ {[%emt 0:00:01]} Nxe8 {[%emt 0:00:01]} 28. Ne4 {[%emt 0:00:03]} Bxe4 {[%emt 0:00:03]} 29. Qxe4 {[%emt 0:00:01]} Bxg3 {[%emt 0:00:01]} 30. fxg3 {[%emt 0:00:01]} Qxg3+ {[%emt 0:00:01]} 31. Kf1 {[%emt 0:00:00]} Qxb3 {[%emt 0:00:01]} 32. Qxa8 {[%emt 0:00:00]} Qd3+ {[%emt 0:00:02]} 33. Kf2 {[%emt 0:00:02]} g3+ {[%emt 0:00:01]} 34. Ke1 {[%emt 0:00:02]} Kg7 {[%emt 0:00:02]} 35. Qd5 {[%emt 0:00:02]} Qc2 {[%emt 0:00:01]} 36. a8=Q {[%emt 0:00:02]} Qf2+ {[%emt 0:00:01]} 37. Kd1 {[%emt 0:00:01]} Qf1+ {[%emt 0:00:01]} 38. Kd2 {[%emt 0:00:01]} Qf2+ {[%emt 0:00:01]} 39. Kd3 {[%emt 0:00:01]} Qf1+ {[%emt 0:00:01]} 40. Kd2 {[%emt 0:00:01]} Qf2+ {[%emt 0:00:01]} 41. Kd3 {[%emt 0:00:01]} Qf6 {[%emt 0:00:01]} 42. Qxe8 {[%emt 0:00:01]} Qf1+ {[%emt 0:00:01]} 43. Kc3 {[%emt 0:00:01]} Qf6 {[%emt 0:00:01]} 44. Ra7 {[%emt 0:00:01]} g2 {[%emt 0:00:01]} 45. Qxg2+ {[%emt 0:00:00]} Kh7 {[%emt 0:00:01]} 46. Qgg8# {[%emt 0:00:01] (Lag: Av=0.06s, max=0.5s)} 1-0

[Event "Test Tournament"]
[Site "Emanuel Lasker Arena"]
[Date "2024.04.09"]
[Round "2"]
[White "Swindler"]
[Black "Daenerys"]
[Result "1-0"]
[WhiteElo "2226"]
[BlackElo "1922"]
[Annotator "RC"]
[PlyCount "41"]
[EventDate "2024.04.09"]
[EventType "swiss (blitz)"]
[TimeControl "60"]

1. e4 {[%emt 0:00:01]} e5 {[%emt 0:00:01]} 2. Nf3 {[%emt 0:00:00]} Nc6 {[%emt 0:00:01]} 3. Bb5 {[%emt 0:00:01]} f5 {[%emt 0:00:01]} 4. Nc3 {[%emt 0:00:01]} fxe4 {[%emt 0:00:02]} 5. Nxe4 {[%emt 0:00:01]} d5 {[%emt 0:00:01]} 6. Ng3 {[%emt 0:00:01]} Bg4 {[%emt 0:00:02]} 7. h3 {[%emt 0:00:04]} h5 {[%emt 0:00:09]} 8. hxg4 {[%emt 0:00:01]} e4 {[%emt 0:00:03]} 9. Nd4 {[%emt 0:00:01]} Qd6 {[%emt 0:00:03]} 10. d3 {[%emt 0:00:01]} Nh6 {[%emt 0:00:01]} 11. dxe4 {[%emt 0:00:04]} Nxg4 {[%emt 0:00:01]} 12. Rxh5 {[%emt 0:00:01]} Rxh5 {[%emt 0:00:01]} 13. Qxg4 {[%emt 0:00:01]} Rh2 {[%emt 0:00:03]} 14. Bf4 {[%emt 0:00:03]} Qb4+ {[%emt 0:00:01]} 15. c3 {[%emt 0:00:01]} Qxb2 {[%emt 0:00:01]} 16. Bxc6+ {[%emt 0:00:01]} bxc6 {[%emt 0:00:01]} 17. Qe6+ {[%emt 0:00:01]} Be7 {[%emt 0:00:01]} 18. Qxc6+ {[%emt 0:00:01]} Kf7 {[%emt 0:00:01]} 19. Qxd5+ {[%emt 0:00:01]} Kf8 {[%emt 0:00:02]} 20. Ne6+ {[%emt 0:00:01]} Ke8 {[%emt 0:00:01]} 21. Nxc7+ {[%emt 0:00:01] Daenerys resigns (Lag: Av=0.07s, max=0.4s)} 1-0

[Event "Test Tournament"]
[Site "Emanuel Lasker Arena"]
[Date "2024.04.09"]
[Round "2"]
[White "Beaujolais"]
[Black "Local Hero"]
[Result "1-0"]
[WhiteElo "2200"]
[BlackElo "1983"]
[Annotator "RC"]
[PlyCount "107"]
[EventDate "2024.04.09"]
[EventType "swiss (blitz)"]

1. d4 {[%emt 0:00:01]} Nf6 {[%emt 0:00:01]} 2. c4 {[%emt 0:00:01]} e6 {[%emt 0:00:01]} 3. Nc3 {[%emt 0:00:01]} Bb4 {[%emt 0:00:01]} 4. e3 {[%emt 0:00:00]} O-O {[%emt 0:00:01]} 5. Bd3 {[%emt 0:00:00]} d5 {[%emt 0:00:00]} 6. Nf3 {[%emt 0:00:01]} dxc4 {[%emt 0:00:01]} 7. Bxc4 {[%emt 0:00:01]} c5 {[%emt 0:00:01]} 8. O-O {[%emt 0:00:01]} cxd4 {[%emt 0:00:01]} 9. exd4 {[%emt 0:00:00]} b6 {[%emt 0:00:01]} 10. Bg5 {[%emt 0:00:01]} Bb7 {[%emt 0:00:01]} 11. Rc1 {[%emt 0:00:01]} Nbd7 {[%emt 0:00:01]} 12. Qe2 {[%emt 0:00:01]} h6 {[%emt 0:00:01]} 13. Bh4 {[%emt 0:00:01]} Rc8 {[%emt 0:00:01]} 14. Bb5 {[%emt 0:00:01]} Be7 {[%emt 0:00:02]} 15. Rfd1 {[%emt 0:00:04]} Nd5 {[%emt 0:00:04]} 16. Nxd5 {[%emt 0:00:01]} Bxh4 {[%emt 0:00:01]} 17. Rxc8 {[%emt 0:00:06]} Qxc8 {[%emt 0:00:01]} 18. Ne3 {[%emt 0:00:03]} Bf6 {[%emt 0:00:03]} 19. d5 {[%emt 0:00:07]} Nc5 {[%emt 0:00:05]} 20. d6 {[%emt 0:00:03]} Rd8 {[%emt 0:00:06]} 21. Ng4 {[%emt 0:00:02]} Nd7 {[%emt 0:00:03]} 22. Qd2 {[%emt 0:00:02]} Qa8 {[%emt 0:00:03]} 23. Bxd7 {[%emt 0:00:03]} Rxd7 {[%emt 0:00:01]} 24. Nxf6+ {[%emt 0:00:01]} gxf6 {[%emt 0:00:01]} 25. Nd4 {[%emt 0:00:02]} Kg7 {[%emt 0:00:01]} 26. Qf4 {[%emt 0:00:01]} h5 {[%emt 0:00:02]} 27. Qg3+ {[%emt 0:00:01]} Kh8 {[%emt 0:00:01]} 28. Qh4 {[%emt 0:00:01]} Rxd6 {[%emt 0:00:01]} 29. Qxf6+ {[%emt 0:00:01]} Kg8 {[%emt 0:00:01]} 30. Qg5+ {[%emt 0:00:01]} Kh7 {[%emt 0:00:01]} 31. Qxh5+ {[%emt 0:00:01]} Kg7 {[%emt 0:00:01]} 32. Qg5+ {[%emt 0:00:00]} Kh7 {[%emt 0:00:01]} 33. Qh4+ {[%emt 0:00:01]} Kg6 {[%emt 0:00:01]} 34. Rd3 {[%emt 0:00:01]} Kg7 {[%emt 0:00:01]} 35. Qe7 {[%emt 0:00:01]} Rxd4 {[%emt 0:00:01]} 36. Rxd4 {[%emt 0:00:01]} Bf3 {[%emt 0:00:01]} 37. Qg5+ {[%emt 0:00:01]} Kf8 {[%emt 0:00:01]} 38. Rd8+ {[%emt 0:00:01]} Qxd8 {[%emt 0:00:00]} 39. Qxd8+ {[%emt 0:00:00]} Kg7 {[%emt 0:00:01]} 40. gxf3 {[%emt 0:00:01]} Kg6 {[%emt 0:00:01]} 41. Qg8+ {[%emt 0:00:01]} Kf6 {[%emt 0:00:01]} 42. Qg3 {[%emt 0:00:00]} a5 {[%emt 0:00:00]} 43. Qf4+ {[%emt 0:00:00]} Ke7 {[%emt 0:00:00]} 44. h4 {[%emt 0:00:00]} Ke8 {[%emt 0:00:00]} 45. h5 {[%emt 0:00:00]} b5 {[%emt 0:00:01]} 46. h6 {[%emt 0:00:00]} Kf8 {[%emt 0:00:00]} 47. Qd6+ {[%emt 0:00:01]} Kg8 {[%emt 0:00:00]} 48. Qg3+ {[%emt 0:00:00]} Kf8 {[%emt 0:00:00]} 49. h7 {[%emt 0:00:00]} Ke7 {[%emt 0:00:00]} 50. h8=Q {[%emt 0:00:00]} Kd7 {[%emt 0:00:00]} 51. Qd4+ {[%emt 0:00:00]} Ke8 {[%emt 0:00:01]} 52. Qb8+ {[%emt 0:00:01]} Ke7 {[%emt 0:00:01]} 53. Qc7+ {[%emt 0:00:00]} Kf8 {[%emt 0:00:01] '} 54. Qb8+ {[%emt 0:00:00] (Lag: Av=0.06s, max=0.4s)} 1-0

[Event "Test Tournament"]
[Site "Emanuel Lasker Arena"]
[Date "2024.04.02"]
[Round "2"]
[White "Chartwell"]
[Black "Antonella"]
[Result "1/2-1/2"]
[WhiteElo "2178"]
[BlackElo "2109"]
[Annotator "RC"]
[PlyCount "107"]
[EventDate "2024.04.02"]
[EventType "swiss (blitz)"]

1. Nf3 {[%emt 0:00:01]} c6 {[%emt 0:00:01]} 2. c4 {[%emt 0:00:01]} d5 {[%emt 0:00:01]} 3. e3 {[%emt 0:00:01]} Bg4 {[%emt 0:00:01]} 4. d4 {[%emt 0:00:01]} e6 {[%emt 0:00:01]} 5. cxd5 {[%emt 0:00:01]} cxd5 {[%emt 0:00:01]} 6. Nc3 {[%emt 0:00:03]} h5 {[%emt 0:00:01]} 7. h4 {[%emt 0:00:01]} f5 {[%emt 0:00:02]} 8. Qa4+ {[%emt 0:00:02]} Nc6 {[%emt 0:00:01]} 9. Ne5 {[%emt 0:00:01]} Qb6 {[%emt 0:00:01]} 10. f3 {[%emt 0:00:01]} Bd6 {[%emt 0:00:01]} 11. fxg4 {[%emt 0:00:00]} hxg4 {[%emt 0:00:00]} 12. g3 {[%emt 0:00:01]} Nf6 {[%emt 0:00:01]} 13. Bd3 {[%emt 0:00:02]} Ne4 {[%emt 0:00:01]} 14. Nxe4 {[%emt 0:00:01]} dxe4 {[%emt 0:00:01]} 15. Be2 {[%emt 0:00:01]} a5 {[%emt 0:00:01]} 16. Qb5 {[%emt 0:00:02]} Bb4+ {[%emt 0:00:02]} 17. Bd2 {[%emt 0:00:01]} Qc7 {[%emt 0:00:02]} 18. Bc4 {[%emt 0:00:01]} Ke7 {[%emt 0:00:01]} 19. Ng6+ {[%emt 0:00:01]} Kf6 {[%emt 0:00:01]} 20. Nf4 {[%emt 0:00:01]} Bxd2+ {[%emt 0:00:00]} 21. Kxd2 {[%emt 0:00:01]} Na7 {[%emt 0:00:02]} 22. Qe5+ {[%emt 0:00:01]} Qxe5 {[%emt 0:00:01]} 23. dxe5+ {[%emt 0:00:00]} Kxe5 {[%emt 0:00:00]} 24. Nxe6 {[%emt 0:00:01]} b5 {[%emt 0:00:01]} 25. Bb3 {[%emt 0:00:01]} a4 {[%emt 0:00:02]} 26. Ng5 {[%emt 0:00:03]} Rhd8+ {[%emt 0:00:01]} 27. Ke2 {[%emt 0:00:01]} axb3 {[%emt 0:00:00]} 28. Nf7+ {[%emt 0:00:01]} Ke6 {[%emt 0:00:01]} 29. Nxd8+ {[%emt 0:00:01]} Rxd8 {[%emt 0:00:00]} 30. axb3 {[%emt 0:00:00]} Nc6 {[%emt 0:00:02]} 31. Ra6 {[%emt 0:00:02]} Rd6 {[%emt 0:00:02]} 32. Rc1 {[%emt 0:00:01]} Nd4+ {[%emt 0:00:01]} 33. exd4 {[%emt 0:00:01]} Rxa6 {[%emt 0:00:00]} 34. Rc7 {[%emt 0:00:02]} Ra1 {[%emt 0:00:01]} 35. Rxg7 {[%emt 0:00:01]} b4 {[%emt 0:00:01]} 36. h5 {[%emt 0:00:02]} Kf6 {[%emt 0:00:01]} 37. h6 {[%emt 0:00:02]} f4 {[%emt 0:00:02]} 38. gxf4 {[%emt 0:00:01]} Kf5 {[%emt 0:00:02]} 39. h7 {[%emt 0:00:02]} Rh1 {[%emt 0:00:01]} 40. d5 {[%emt 0:00:02]} g3 {[%emt 0:00:01]} 41. d6 {[%emt 0:00:01]} Kf6 {[%emt 0:00:01]} 42. d7 {[%emt 0:00:01]} Kxg7 {[%emt 0:00:00]} 43. d8=Q {[%emt 0:00:01]} Rh2+ {[%emt 0:00:02]} 44. Ke3 {[%emt 0:00:01]} Kxh7 {[%emt 0:00:01]} 45. Qe7+ {[%emt 0:00:01]} Kh8 {[%emt 0:00:01]} 46. Qe5+ {[%emt 0:00:01]} Kh7 {[%emt 0:00:01]} 47. Qxe4+ {[%emt 0:00:01]} Kh6 {[%emt 0:00:01]} 48. Qe6+ {[%emt 0:00:01]} Kh5 {[%emt 0:00:01]} 49. Qf7+ {[%emt 0:00:01]} Kg4 {[%emt 0:00:01]} 50. Qg6+ {[%emt 0:00:01]} Kh3 {[%emt 0:00:01]} 51. Qh6+ {[%emt 0:00:01]} Kg4 {[%emt 0:00:01]} 52. Qg6+ {[%emt 0:00:01]} Kh4 {[%emt 0:00:01]} 53. Qh6+ {[%emt 0:00:01]} Kg4 {[%emt 0:00:01]} 54. Qg6+ {[%emt 0:00:01]} 1/2-1/2

[Event "Test Tournament"]
[Site "Emanuel Lasker Arena"]
[Date "2024.04.02"]
[Round "2"]
[White "Chartwell"]
[Black "ArrowPlay"]
[Result "1-0"]
[WhiteElo "2178"]
[BlackElo "1996"]
[Annotator "RC"]
[PlyCount "91"]
[EventDate "2024.04.02"]
[EventType "swiss (blitz)"]

1. c4 {[%emt 0:00:01]} e6 {[%emt 0:00:01]} 2. Nf3 {[%emt 0:00:01]} d5 {[%emt 0:00:01]} 3. g3 {[%emt 0:00:01]} Nf6 {[%emt 0:00:01]} 4. Bg2 {[%emt 0:00:01]} Be7 {[%emt 0:00:01]} 5. O-O {[%emt 0:00:01]} O-O {[%emt 0:00:01]} 6. d4 {[%emt 0:00:01]} dxc4 {[%emt 0:00:01]} 7. Ne5 {[%emt 0:00:01]} Nc6 {[%emt 0:00:01]} 8. Bxc6 {[%emt 0:00:01]} bxc6 {[%emt 0:00:01]} 9. Nxc6 {[%emt 0:00:00]} Qd7 {[%emt 0:00:01]} 10. Qa4 {[%emt 0:00:01]} Bb7 {[%emt 0:00:01]} 11. Nxe7+ {[%emt 0:00:01]} Qxe7 {[%emt 0:00:00]} 12. Qxc4 {[%emt 0:00:00]} c5 {[%emt 0:00:01]} 13. dxc5 {[%emt 0:00:01]} Bd5 {[%emt 0:00:01]} 14. Qd4 {[%emt 0:00:02]} Rac8 {[%emt 0:00:02]} 15. b4 {[%emt 0:00:02]} e5 {[%emt 0:00:02]} 16. Qd3 {[%emt 0:00:02]} Qb7 {[%emt 0:00:02]} 17. Nc3 {[%emt 0:00:01]} Be6 {[%emt 0:00:02]} 18. Nb5 {[%emt 0:00:02]} Bh3 {[%emt 0:00:02]} 19. f3 {[%emt 0:00:01]} Bxf1 {[%emt 0:00:00]} 20. Kxf1 {[%emt 0:00:00]} Rfd8 {[%emt 0:00:02]} 21. Qc4 {[%emt 0:00:01]} Rd1+ {[%emt 0:00:02]} 22. Kg2 {[%emt 0:00:01]} e4 {[%emt 0:00:01]} 23. Nd6 {[%emt 0:00:02]} exf3+ {[%emt 0:00:00]} 24. exf3 {[%emt 0:00:00]} Rxd6 {[%emt 0:00:02]} 25. b5 {[%emt 0:00:02]} Qd5 {[%emt 0:00:02]} 26. Qxd5 {[%emt 0:00:01]} Rxd5 {[%emt 0:00:00]} 27. Be3 {[%emt 0:00:02]} Rdxc5 {[%emt 0:00:01]} 28. Bxc5 {[%emt 0:00:01]} Rxc5 {[%emt 0:00:00]} 29. a4 {[%emt 0:00:01]} Nd5 {[%emt 0:00:01]} 30. Rb1 {[%emt 0:00:01]} Nb6 {[%emt 0:00:01]} 31. a5 {[%emt 0:00:02]} Nc4 {[%emt 0:00:02]} 32. b6 {[%emt 0:00:01]} Nxa5 {[%emt 0:00:02]} 33. bxa7 {[%emt 0:00:01]} g6 {[%emt 0:00:01]} 34. a8=Q+ {[%emt 0:00:01]} Kg7 {[%emt 0:00:01]} 35. Ra1 {[%emt 0:00:01]} Rc2+ {[%emt 0:00:01]} 36. Kh3 {[%emt 0:00:02]} Nb3 {[%emt 0:00:02]} 37. Re1 {[%emt 0:00:01]} h5 {[%emt 0:00:02]} 38. Qb8 {[%emt 0:00:01]} Nd2 {[%emt 0:00:02]} 39. Qa8 {[%emt 0:00:01]} g5 {[%emt 0:00:02]} 40. Qd5 {[%emt 0:00:01]} g4+ {[%emt 0:00:02]} 41. fxg4 {[%emt 0:00:00]} hxg4+ {[%emt 0:00:01]} 42. Kxg4 {[%emt 0:00:01]} Rc4+ {[%emt 0:00:01]} 43. Kg5 {[%emt 0:00:01]} f6+ {[%emt 0:00:01]} 44. Kh5 {[%emt 0:00:01]} Rc7 {[%emt 0:00:01]} 45. Qf5 {[%emt 0:00:01]} Rf7 {[%emt 0:00:01]} 46. Qg6+ {[%emt 0:00:01]} 1-0

[Event "Test Tournament"]
[Site "Emanuel Lasker Arena"]
[Date "2024.04.09"]
[Round "2"]
[White "Jed Bartlet"]
[Black "Swindler"]
[Result "1-0"]
[WhiteElo "2159"]
[BlackElo "2226"]
[Annotator "RC"]
[PlyCount "73"]
[EventDate "2024.04.09"]
[EventType "swiss (blitz)"]
[TimeControl "60"]

1. d4 {[%emt 0:00:01]} f5 {[%emt 0:00:01]} 2. Nf3 {[%emt 0:00:01]} Nf6 {[%emt 0:00:01]} 3. c4 {[%emt 0:00:01]} g6 {[%emt 0:00:05]} 4. g3 {[%emt 0:00:01]} a5 {[%emt 0:00:01]} 5. h4 {[%emt 0:00:05]} d6 {[%emt 0:00:01]} 6. Qc2 {[%emt 0:00:04]} Nc6 {[%emt 0:00:01]} 7. Bf4 {[%emt 0:00:01]} Nb4 {[%emt 0:00:01]} 8. Qa4+ {[%emt 0:00:05]} Bd7 {[%emt 0:00:04]} 9. Qb3 {[%emt 0:00:04]} Ne4 {[%emt 0:00:08]} 10. Ng5 {[%emt 0:00:03]} e5 {[%emt 0:00:03]} 11. c5 {[%emt 0:00:01]} Qc8 {[%emt 0:00:03]} 12. c6 {[%emt 0:00:01]} exf4 {[%emt 0:00:01]} 13. Qf7+ {[%emt 0:00:01]} Kd8 {[%emt 0:00:00]} 14. Nxe4 {[%emt 0:00:01]} Bxc6 {[%emt 0:00:01]} 15. Ng5 {[%emt 0:00:03]} Be7 {[%emt 0:00:03]} 16. Ne6+ {[%emt 0:00:01]} Kd7 {[%emt 0:00:01]} 17. d5 {[%emt 0:00:02]} Bxd5 {[%emt 0:00:01]} 18. e4 {[%emt 0:00:01]} Nc2+ {[%emt 0:00:02]} 19. Kd1 {[%emt 0:00:01]} Bxe6 {[%emt 0:00:01]} 20. Qg7 {[%emt 0:00:03]} Nb4 {[%emt 0:00:01]} 21. Nc3 {[%emt 0:00:02]} Qg8 {[%emt 0:00:02]} 22. Bb5+ {[%emt 0:00:02]} c6 {[%emt 0:00:02]} 23. Qd4 {[%emt 0:00:02]} fxg3 {[%emt 0:00:01]} 24. Na4 {[%emt 0:00:01]} g2 {[%emt 0:00:03]} 25. Nb6+ {[%emt 0:00:01]} Kc7 {[%emt 0:00:01]} 26. Rg1 {[%emt 0:00:01]} fxe4 {[%emt 0:00:02]} 27. Nxa8+ {[%emt 0:00:01]} Qxa8 {[%emt 0:00:01]} 28. Rxg2 {[%emt 0:00:01]} d5 {[%emt 0:00:03]} 29. a3 {[%emt 0:00:01]} Qf8 {[%emt 0:00:03]} 30. axb4 {[%emt 0:00:01]} Qf3+ {[%emt 0:00:02]} 31. Be2 {[%emt 0:00:01]} Qxg2 {[%emt 0:00:01]} 32. Qxh8 {[%emt 0:00:01]} Qh1+ {[%emt 0:00:01]} 33. Kd2 {[%emt 0:00:01]} Qxa1 {[%emt 0:00:01]} 34. Qg7 {[%emt 0:00:01]} Kb6 {[%emt 0:00:01]} 35. Qxe7 {[%emt 0:00:01]} Qxb2+ {[%emt 0:00:01]} 36. Ke3 {[%emt 0:00:01]} d4+ {[%emt 0:00:01] '} 37. Kxe4 {[%emt 0:00:00] (Lag: Av=0.08s, max=0.9s)} 1-0

[Event "Test Tournament"]
[Site "Emanuel Lasker Arena"]
[Date "2024.04.09"]
[Round "2"]
[White "Chartwell"]
[Black "Stratospheric"]
[Result "0-1"]
[WhiteElo "2149"]
[BlackElo "1620"]
[Annotator "RC"]
[PlyCount "92"]
[EventDate "2024.04.09"]
[EventType "swiss (blitz)"]
[TimeControl "60"]

1. d4 {[%emt 0:00:01]} d5 {[%emt 0:00:01]} 2. c4 {[%emt 0:00:01]} dxc4 {[%emt 0:00:01]} 3. Nf3 {[%emt 0:00:01]} Nf6 {[%emt 0:00:01]} 4. e3 {[%emt 0:00:01]} e6 {[%emt 0:00:01]} 5. Bxc4 {[%emt 0:00:01]} Nbd7 {[%emt 0:00:01]} 6. Nc3 {[%emt 0:00:01]} a6 {[%emt 0:00:01]} 7. e4 {[%emt 0:00:01]} c5 {[%emt 0:00:01]} 8. e5 {[%emt 0:00:01]} cxd4 {[%emt 0:00:01]} 9. Qxd4 {[%emt 0:00:01]} Bc5 {[%emt 0:00:04]} 10. Qh4 {[%emt 0:00:01]} Nd5 {[%emt 0:00:04]} 11. Qxd8+ {[%emt 0:00:01]} Kxd8 {[%emt 0:00:01]} 12. Nxd5 {[%emt 0:00:01]} exd5 {[%emt 0:00:01]} 13. Bxd5 {[%emt 0:00:01]} f6 {[%emt 0:00:03]} 14. e6 {[%emt 0:00:04]} Nb6 {[%emt 0:00:04]} 15. Bb3 {[%emt 0:00:05]} Re8 {[%emt 0:00:05]} 16. Bf4 {[%emt 0:00:06]} Bxe6 {[%emt 0:00:01]} 17. O-O-O+ {[%emt 0:00:03]} Bd7 {[%emt 0:00:02]} 18. Bf7 {[%emt 0:00:02]} Re2 {[%emt 0:00:03]} 19. Rhf1 {[%emt 0:00:03]} Rxf2 {[%emt 0:00:01]} 20. Rxf2 {[%emt 0:00:01]} Bxf2 {[%emt 0:00:01]} 21. Be6 {[%emt 0:00:02]} Bc5 {[%emt 0:00:02]} 22. Kb1 {[%emt 0:00:02]} Rc8 {[%emt 0:00:02]} 23. g4 {[%emt 0:00:02]} Ke7 {[%emt 0:00:02]} 24. Bf5 {[%emt 0:00:02]} Be6 {[%emt 0:00:01]} 25. Nh4 {[%emt 0:00:01]} Kf7 {[%emt 0:00:01]} 26. g5 {[%emt 0:00:01]} fxg5 {[%emt 0:00:01]} 27. Bxg5 {[%emt 0:00:01]} Bxf5+ {[%emt 0:00:01]} 28. Nxf5 {[%emt 0:00:01]} Re8 {[%emt 0:00:01]} 29. h4 {[%emt 0:00:01]} Nc4 {[%emt 0:00:01]} 30. b3 {[%emt 0:00:01]} Ne3 {[%emt 0:00:01]} 31. Bxe3 {[%emt 0:00:01]} Bxe3 {[%emt 0:00:01]} 32. Nd6+ {[%emt 0:00:01]} Kf8 {[%emt 0:00:01]} 33. Nxe8 {[%emt 0:00:00]} Kxe8 {[%emt 0:00:00]} 34. Rd3 {[%emt 0:00:01]} Bc5 {[%emt 0:00:01]} 35. Rd5 {[%emt 0:00:01]} Bf2 {[%emt 0:00:01]} 36. Rg5 {[%emt 0:00:00]} Kf7 {[%emt 0:00:01]} 37. Rf5+ {[%emt 0:00:01]} Ke8 {[%emt 0:00:01]} 38. Rxf2 {[%emt 0:00:00]} g6 {[%emt 0:00:00]} 39. Rf6 {[%emt 0:00:01]} Ke7 {[%emt 0:00:01]} 40. Rb6 {[%emt 0:00:01]} Kf8 {[%emt 0:00:01]} 41. Rxb7 {[%emt 0:00:01]} h6 {[%emt 0:00:01]} 42. Kc2 {[%emt 0:00:01]} Ke8 {[%emt 0:00:00]} 43. Ra7 {[%emt 0:00:01]} g5 {[%emt 0:00:00]} 44. h5 {[%emt 0:00:01]} g4 {[%emt 0:00:01]} 45. Rg7 {[%emt 0:00:01]} a5 {[%emt 0:00:00]} 46. Kd3 {[%emt 0:00:00] .} a4 {[%emt 0:00:00]} 0-1

[Event "Test Tournament"]
[Site "Emanuel Lasker Arena"]
[Date "2024.04.09"]
[Round "2"]
[White "Jamie Fraser"]
[Black "Endspielexperte"]
[Result "0-1"]
[WhiteElo "2119"]
[BlackElo "1620"]
[Annotator "RC"]
[PlyCount "88"]
[EventDate "2024.04.09"]
[EventType "swiss (blitz)"]
[TimeControl "60"]

1. e4 {[%emt 0:00:00]} e5 {[%emt 0:00:01]} 2. Nf3 {[%emt 0:00:01]} Nc6 {[%emt 0:00:01]} 3. Bb5 {[%emt 0:00:01]} Nf6 {[%emt 0:00:01]} 4. O-O {[%emt 0:00:01]} Nxe4 {[%emt 0:00:01]} 5. d4 {[%emt 0:00:01]} Nd6 {[%emt 0:00:01]} 6. Bxc6 {[%emt 0:00:01]} dxc6 {[%emt 0:00:01]} 7. dxe5 {[%emt 0:00:01]} Nf5 {[%emt 0:00:01]} 8. Qxd8+ {[%emt 0:00:01]} Kxd8 {[%emt 0:00:01]} 9. Rd1+ {[%emt 0:00:01]} Ke8 {[%emt 0:00:01]} 10. Nc3 {[%emt 0:00:06]} Be6 {[%emt 0:00:01]} 11. Ng5 {[%emt 0:00:01]} Bc8 {[%emt 0:00:01]} 12. Nf3 {[%emt 0:00:01]} Be6 {[%emt 0:00:01]} 13. Ng5 {[%emt 0:00:01]} Bc4 {[%emt 0:00:01]} 14. b3 {[%emt 0:00:01]} Bb4 {[%emt 0:00:01]} 15. Bb2 {[%emt 0:00:01]} Bxc3 {[%emt 0:00:03]} 16. Bxc3 {[%emt 0:00:01]} Bd5 {[%emt 0:00:03]} 17. e6 {[%emt 0:00:03]} fxe6 {[%emt 0:00:01]} 18. g4 {[%emt 0:00:05]} h6 {[%emt 0:00:03]} 19. gxf5 {[%emt 0:00:01]} hxg5 {[%emt 0:00:01]} 20. fxe6 {[%emt 0:00:01]} Rh4 {[%emt 0:00:03]} 21. Bxg7 {[%emt 0:00:01]} Bxe6 {[%emt 0:00:01]} 22. Rd3 {[%emt 0:00:02]} Rd8 {[%emt 0:00:03]} 23. Rad1 {[%emt 0:00:03]} Rd5 {[%emt 0:00:03]} 24. Bf6 {[%emt 0:00:02]} Rxd3 {[%emt 0:00:02]} 25. Rxd3 {[%emt 0:00:00]} Bf5 {[%emt 0:00:02]} 26. Rf3 {[%emt 0:00:02]} Rf4 {[%emt 0:00:01]} 27. Be7 {[%emt 0:00:02]} Rxf3 {[%emt 0:00:01]} 28. Bxg5 {[%emt 0:00:01]} c5 {[%emt 0:00:02]} 29. h4 {[%emt 0:00:02]} Rh3 {[%emt 0:00:02]} 30. f4 {[%emt 0:00:01]} c4 {[%emt 0:00:01]} 31. Bf6 {[%emt 0:00:01]} cxb3 {[%emt 0:00:01]} 32. h5 {[%emt 0:00:01]} bxa2 {[%emt 0:00:01]} 33. Bb2 {[%emt 0:00:01]} Bxc2 {[%emt 0:00:01]} 34. Be5 {[%emt 0:00:01]} Bf5 {[%emt 0:00:01]} 35. Bf6 {[%emt 0:00:01]} b5 {[%emt 0:00:01]} 36. Be5 {[%emt 0:00:01]} c5 {[%emt 0:00:01]} 37. Bb2 {[%emt 0:00:01]} b4 {[%emt 0:00:01]} 38. Bf6 {[%emt 0:00:01]} c4 {[%emt 0:00:01]} 39. Kg2 {[%emt 0:00:01]} c3 {[%emt 0:00:01]} 40. Bh4 {[%emt 0:00:01]} c2 {[%emt 0:00:01]} 41. Be7 {[%emt 0:00:01]} a1=Q {[%emt 0:00:01]} 42. Bxb4 {[%emt 0:00:01]} c1=Q {[%emt 0:00:00]} 43. h6 {[%emt 0:00:01]} Qab2+ {[%emt 0:00:01]} 44. Bd2 {[%emt 0:00:01]} Qbxd2# {[%emt 0:00:00] (Lag: Av=0.07s, max=0.5s)} 0-1